000 00202 a2200097 4500
001 42110
100 _aKheli
245 _aSoviet Nomes in Asia
260 _a
_bFeroz Sons Ltd
_c
090 _c26112
_d26112
942 _aNUST-CAE
_cM
_c17906
999 _c277183
_d277183